Statistiken für Vögel in der Vogelhochzeit

Klicken Sie hier um das Quiz zu spielen!

Allgemein

  • Dieses Quiz wurde 134 mal gespielt
  • Das Durchschnittsergebnis liegt bei 12 aus 26

Antwortstatistiken

HintAntwort% Korrekt
Amsel
93%
16. Die _____, die singt das Kyrie leise.Meise
80%
14. Brautmutter war die _____, nimmt Abschied mit Geheule.Eule
78%
11. Die _____, die bringt der Braut die Haube.Taube
78%
2. Die _____ war der Bräutigam, die _____ war die Braute.Drossel
75%
13. Die _____, die führt die Braut zur Kerche.Lerche
75%
23. Der _____, der macht die Fensterläden zu.Uhu
67%
7. Der _____, der bringt der Braut die Hochzeitsschuh'.Uhu
67%
21. Der lange _____, der macht der Braut das Bett zurecht.Specht
64%
20. Die _____, die gaben der Braut zu trinken.Finken
54%
3. Der _____, der war der Hochzeitswerber.Sperber
53%
6. Der _____, der kocht das Hochzeitsmahl, verzehrt die schönsten Bissen all.Spatz
47%
24. Der _____, der krähet "Gute Nacht", nun wird die Kammer zugemacht.Hahn
46%
12. Der _____, der bringt der Braut 'nen Blumentopf.Wiedehopf
41%
8. Der _____ schreit, er bringt der Braut das Hochzeitskleid.Kuckuck
39%
18. Der _____ mit seinem bunten Schwanz macht mit der Braut den ersten Tanz.Pfau
39%
19. Die _____ setzt auf den Tisch die Näpfe.Schnepfe
39%
Anten
33%
15. Der _____, der war der stolze Herr Kaplan.Auerhahn
32%
5. Die _____ und die _____, die war'n die Musikanten.Gänse
25%
4. Der _____, der flocht der Braut die Haare.Stare
25%
10. Der _____, der bringt der Braut den Trauring.Sperling
23%
17. Die _____, die machen breite Schnuten.Puten
22%
9. Der _____, der bracht' der Braut den Hochzeitskranz.Seidenschwanz
9%
26. Das _____ bläst die Lichter aus und alle zieh'n vergnügt nach Haus.Käuzchen
4%
22. Das _____ das führt die Braun ins Kämmerlein.Drosselein
3%

Verteilung der Resultate

Perzentil nach korrekt beantworteten Fragen

Anzahl Personen mit jedem Resultat

Ihre Resultats-Entwicklung

Sie haben dieses Quiz noch nicht gespielt